Central Library OPAC University of Rajshahi

A Sufi martyr : (Record no. 32340)

MARC details
000 -LEADER
fixed length control field 01027cam a2200289 4500
001 - CONTROL NUMBER
control field 32340
003 - CONTROL NUMBER IDENTIFIER
rucl marc code BD-RjUL
005 - DATE AND TIME OF LATEST TRANSACTION
control field 20211209051823.0
008 - FIXED-LENGTH DATA ELEMENTS--GENERAL INFORMATION
fixed length control field 140426s1969 enk 000 0 eng
020 ## - INTERNATIONAL STANDARD BOOK NUMBER
International Standard Book Number 0042970202
035 ## - SYSTEM CONTROL NUMBER
System control number (BD-RjUL)32429
040 ## - CATALOGING SOURCE
Original cataloging agency DLC
Transcribing agency DLC
Modifying agency DLC
-- BD-RjUL
Language of cataloging eng
041 1# - LANGUAGE CODE
Language code of text/sound track or separate title engara
082 00 - DEWEY DECIMAL CLASSIFICATION NUMBER
Classification number 297.42
Author mark and year IBS 1969
100 2# - MAIN ENTRY--PERSONAL NAME
Personal name ibn Muḥammad, Ayn al-Quḍāh al-Hamadhānī ʻAbd Allāh
Dates associated with a name -1131.
9 (RLIN) 98390
245 12 - TITLE STATEMENT
Title A Sufi martyr :
Remainder of title the 'Apologia' of ʻAin al-Quḍāt al-Hamadhānī /
Statement of responsibility, etc. translated [from the Arabic] with introduction and notes by A. J. Arberry.
260 ## - PUBLICATION, DISTRIBUTION, ETC. (IMPRINT)
Place of publication, distribution, etc. London :
Name of publisher, distributor, etc. Allen & Unwin,
Date of publication, distribution, etc. 1969.
300 ## - PHYSICAL DESCRIPTION
Pagination 9-101 p. ;
Size 23 cm.
350 ## - PRICE (NR) (BK AM CF MU VM SE) [OBSOLETE]
Price 28/-
500 ## - GENERAL NOTE
General note Translation of Shakwā al-gharīb ʻan al-awṭān (romanized form)
650 #0 - SUBJECT ADDED ENTRY--TOPICAL TERM
Topical term or geographic name as entry element Sufism
General subdivision Early works to 1800.
9 (RLIN) 98391
700 1# - ADDED ENTRY--PERSONAL NAME
Personal name Arberry, A. J.
Fuller form of name (Arthur John),
Dates associated with a name 1905-1969,
Relator term ed.
942 ## - ADDED ENTRY ELEMENTS (KOHA)
Source of classification or shelving scheme Dewey Decimal Classification
Koha item type Books
Holdings
Lost status Source of classification or shelving scheme Damaged status Not for loan Collection code Permanent Location Current Location Shelving location Date acquired Source of acquisition Cost, normal purchase price Total Checkouts Full call number Date last seen Date checked out Copy number Koha item type
  Dewey Decimal Classification     Non-fiction Central Library, University of Rajshahi Central Library, University of Rajshahi   02/04/1973 Book centre 30.80 1 297.42 IBS 1969 02/04/2026 26/02/2026 C-2 Books
  Dewey Decimal Classification   Not For Loan Non-fiction Central Library, University of Rajshahi Central Library, University of Rajshahi   02/04/1973 Book centre 30.80   297.42 IBS 1969 26/04/2014   C-1 Books